Cooperative game theory and applications (Record no. 13580)

MARC details
000 -LEADER
fixed length control field 00502 a2200193 4500
001 - CONTROL NUMBER
control field 148724
003 - CONTROL NUMBER IDENTIFIER
control field OSt
005 - DATE AND TIME OF LATEST TRANSACTION
control field 20211011130745.0
008 - FIXED-LENGTH DATA ELEMENTS--GENERAL INFORMATION
fixed length control field
082 ## - DEWEY DECIMAL CLASSIFICATION NUMBER
Classification number 519.3
Item number C97C
100 1# - MAIN ENTRY--PERSONAL NAME
Personal name Curiel, Imma
245 1# - TITLE STATEMENT
Title Cooperative game theory and applications
Statement of responsibility, etc by Imma Curiel
260 ## - PUBLICATION, DISTRIBUTION, ETC. (IMPRINT)
Place of publication, distribution, etc Boston
Name of publisher, distributor, etc Kluwer Academic Publishers
Date of publication, distribution, etc 1997
300 ## - PHYSICAL DESCRIPTION
Extent 190p.
653 ## - INDEX TERM--UNCONTROLLED
Uncontrolled term Game theory
653 ## - INDEX TERM--UNCONTROLLED
Uncontrolled term Combinatorial optimization
653 ## - INDEX TERM--UNCONTROLLED
Uncontrolled term Economics
942 ## - ADDED ENTRY ELEMENTS (KOHA)
Source of classification or shelving scheme Dewey Decimal Classification
Koha item type Books
Holdings
Withdrawn status Lost status Source of classification or shelving scheme Damaged status Not for loan Collection code Home library Current library Date acquired Source of acquisition Cost, normal purchase price Full call number Barcode Checked out Date last seen Price effective from Koha item type
    Dewey Decimal Classification     General Text Book Central University Of Rajasthan Central University Of Rajasthan 11/09/2015 MTH(P) 0.00 519.3 C97C 22385 01/01/2018 02/09/2020 02/09/2020 Books